Southville International School and Colleges
Your cart is empty.
  • Cart
  • Lists
    Public lists Eva Luna New books Lux_list list_1
    Your lists Log in to create your own lists
  • Log in to your account
  • Your cookies
  • Search history
Southville International School and Colleges
  • Advanced search
  • Recent comments
  • Most popular
  • Libraries

Log in to your account

Log in with GOOGLE


If you do not have an external account, but do have a local account, you can still log in:

  1. Home
  2. MARC view: New religions movements in Asia and the Pacific Islands :
Normal view MARC view ISBD view

New religions movements in Asia and the Pacific Islands : (Record no. 8720)

[ view plain ]
MARC details
000 -LEADER
fixed length control field 00600nam a22001937a 4500
003 - CONTROL NUMBER IDENTIFIER
control field OSt
005 - DATE AND TIME OF LATEST TRANSACTION
control field 20140310182037.0
008 - FIXED-LENGTH DATA ELEMENTS--GENERAL INFORMATION
fixed length control field 130815t xxu||||| |||| 00| 0 eng d
020 ## - INTERNATIONAL STANDARD BOOK NUMBER
International Standard Book Number 9715550082
050 ## - LIBRARY OF CONGRESS CALL NUMBER
Classification number BL 1032
Item number .Sa161 1994
082 ## - DEWEY DECIMAL CLASSIFICATION NUMBER
Classification number HS 261.2
Item number Sa3 1994
100 u# - MAIN ENTRY--PERSONAL NAME
Personal name Salazar, Robert C.
9 (RLIN) 10868
245 ## - TITLE STATEMENT
Title New religions movements in Asia and the Pacific Islands :
Remainder of title implications for church and society /
Statement of responsibility, etc Robert C. Salazar.
260 ## - PUBLICATION, DISTRIBUTION, ETC. (IMPRINT)
Place of publication, distribution, etc Manila :
Name of publisher, distributor, etc Dela Salle University,
Date of publication, distribution, etc 1994.
300 ## - PHYSICAL DESCRIPTION
Extent 210 p. ;
Dimensions 23 cm.
650 ## - SUBJECT ADDED ENTRY--TOPICAL TERM
Topical term or geographic name as entry element Sociology
General subdivision Christian
9 (RLIN) 10869
942 ## - ADDED ENTRY ELEMENTS (KOHA)
Source of classification or shelving scheme Library of Congress Classification
Holdings
Withdrawn status Lost status Source of classification or shelving scheme Damaged status Home library Current library Shelving location Date acquired Total Checkouts Full call number Barcode Date last seen Copy number Price effective from Koha item type
    Library of Congress Classification   Luxembourg Library Luxembourg Library High School Section 08/15/2013   BL 1032 .Sa161 1994 9150 06/13/2017 1 08/15/2013 Books

New religions movements in Asia and the Pacific Islands :

APA

Salazar R. C., . (1994). New religions movements in Asia and the Pacific Islands. Manila: Dela Salle University.

Chicago

Salazar Robert C, . 1994. New religions movements in Asia and the Pacific Islands. Manila: Dela Salle University.

Harvard

Salazar R. C., . (1994). New religions movements in Asia and the Pacific Islands. Manila: Dela Salle University.

MLA

Salazar Robert C, . New religions movements in Asia and the Pacific Islands. Manila: Dela Salle University. 1994.

  • Place hold
  • Print
  • Cite
  • Add to your cart (remove)
  • Save record
    BIBTEX Dublin Core MARCXML MARC (non-Unicode/MARC-8) MARC (Unicode/UTF-8) MARC (Unicode/UTF-8, Standard) MODS (XML) RIS
  • More searches
    Search for this title in:
    Other Libraries (WorldCat) Other Databases (Google Scholar) Online Stores (Bookfinder.com) Open Library (openlibrary.org)

Exporting to Dublin Core...

SOUTHVILLE LIBRARY

Southville International School and Colleges Library

1281 Tropical Ave. Cor. Luxembourg St., BF Homes International, Las Pinas City

Tel. No. 8256374 / 252358 Loc. 117/146

Powered by Koha